000
00296nam a2200121Ia 4500
008
191201s2019 xx 000 0 und d
100
_a
DENNIS, Alan
245
0
_a
System Analysis and Design
260
_a
N.Delhi
_b
John willey and Sons
300
_a
516
650
_a
B.Tech(CSE)
942
_2
ddc
_c
BK
999
_c
1595
_d
1595